Proceedings of the Seminar on Biomas for Biofuels and Value-Added Products 2009 : Towards Effients Utulization on Biomas, 27-28 October 2009, Kuala Lumpur

Bibliographic Details
Corporate Author: JPSM
Other Authors: Jailani Salihon, Mahanim Sarif@Mohd Ali, Puad Elham, Rafidah Jalil, Zulkafli Hassan
Format: Book
Published: Selangor : FRIM , 2010
Subjects:

MARC

LEADER 00000cam a2200000 7i4500
001 0000004054
005 20151102.0
020 0 0 |a 9789675221361 
090 0 0 |a 662.88   |b BIO 2009 
245 0 0 |a Proceedings of the Seminar on Biomas for Biofuels and Value-Added Products 2009 :   |b Towards Effients Utulization on Biomas, 27-28 October 2009, Kuala Lumpur   |c editors Wan Asma Ibrahim...[et.all]... 
260 0 0 |a Selangor :   |b FRIM ,   |c 2010 
300 |a viii.135 pages. :   |b ill ;   |c 29 cm. 
650 0 0 |a Biomas ---Congresses 
650 0 0 |a Biomas energy---Congresses 
700 0 1 |a Jailani Salihon 
700 0 1 |a Mahanim Sarif@Mohd Ali 
700 0 1 |a Puad Elham 
700 0 1 |a Rafidah Jalil 
700 0 1 |a Zulkafli Hassan 
710 1 1 |a JPSM 
999 |a 007867   |b Monograph   |c Open Shelf   |e Default branch